| 000 | 00702nam a22002177a 4500 | ||
|---|---|---|---|
| 005 | 20251014113733.0 | ||
| 008 | 251014b |||||||| |||| 00| 0 eng d | ||
| 020 | _a978-999-82-0-462-1 | ||
| 040 |
_aBUAC _cBUC |
||
| 041 | _aFre | ||
| 100 | _aAyarii-De Souza, Rachida | ||
| 245 |
_aOuidah la Mémoire silencieuse : _bHistoire sociale succinte la terre, les hommes et les Dieux _c/ par Rachida Ayari-De Souza |
||
| 260 |
_aPorto-Novo : _bDagan, _cBénin, 2020 |
||
| 300 |
_a292 p _bcouv.ill. encoul; _c21 cm. |
||
| 500 | _aBibliogr pp. (279 -287) | ||
| 630 | _aARCHEROLOGIE GEOGRAPHIE-BIOGRAPHIE-HISTOIR | ||
| 650 | _aHISTOIRE SOCIALE | ||
| 651 | _aOUIDAH | ||
| 651 | _aBENIN | ||
| 942 |
_2ddc _cLBA |
||
| 999 |
_c63448 _d63448 |
||